| 000 | 00898cam a22002054a 4500 | ||
|---|---|---|---|
| 005 | 20250605164122.0 | ||
| 008 | 250528s ||||||||||||||||||||||||d | ||
| 035 | _a18325 | ||
| 020 | _a821350099 | ||
| 040 |
_aGR-AtMCL _bgre _dGR-AtMCL _eAACR2 |
||
| 245 | 1 | _aFrom Natural Resources to the Knowledge Economy / Trade and Job Quality | |
| 260 | _c2002 | ||
| 300 | _a186 | ||
| 520 | _aAcknowledgements, Acronyms and Abbreviations, Introduction and Summary, Comparative Advantage and Diversification and Intra-Industry Trade: Determinants and Consequences, It's Not Just What You Produce But How: Comparative History, Recent LAC Experiences: The Role of Knowledge and Institutions, How We Work: Job Quality in Emerging Sectors, Bibliography, Boxes, Tables, Figures. | ||
| 700 | 1 |
_aFerranti David De _94598 |
|
| 942 | _cBK | ||
| 710 | 2 |
_aThe World Bank _99723 |
|
| 999 |
_c3688 _d3688 |
||